الجيولوجيا العامة / (Record no. 14920)

MARC details
000 -الفاتح
حقل البيانات ثابتة الطول 00814nam a22002177a 4500
008 - عناصر البيانات ثابتة الطول - معلومات عامة
حقل البيانات ثابتة الطول 110119s1985 ua|||||r|||| 000 0 ara d
082 ## - رقم تصنيف ديوى العشرى
رقم التصنيف 550
رقم المادة س ل ي
100 ## - المدخل الرئيسى - إسم شخصى
9 (RLIN) 22047
الإسم الشخصى سليمان ، مصطفى محمود
245 ## - بيان العنوان
العنوان الجيولوجيا العامة /
بيان المسئوليه,etc مصطفى محمود سليمان
260 ## - PUBLICATION, DISTRIBUTION, ETC. (IMPRINT)
مكان الناشر او الموزع الشرقية :
اسم الناشر او الموزع جامعة الزقازيق ، 1985
تاريخ النشر أو التوزيع 1985
300 ## - الوصف المادى
التعداد 320 ص :
تفاصيل ماديه اخرى للوعاء ايض ؛
أبعاد الوعاء 21 سم
336 ## - نوع المحتوى
source rdacontent
Carrier Type Term نص
Content Type Code txt
337 ## - نوع الوسيط
Media Type Term بدون وسيط
source rdamedia
Media Type Code n
338 ## - نوع الحامل أو الناقل
Carrier Type Term مجلد
Carrier Type Code nc
source rdacarrier
504 ## - تبصرة ببليوجرافية
تبصرة ببليوجرافية,الخ ببليوجرافية ص 320
541 ## - تبصرة المصدر المباشر للتزويد
مصدر التزويد د. مصطفى محمود سليمان ؛
طريقة التزويد إهداء ؛
650 ## - المدخل الاضافى بالموضوع-مصطلح موضوعى
9 (RLIN) 15149
مصطلح موضوعي أو اسم جغرافي كعنصر مدخل الأرض
650 ## - المدخل الاضافى بالموضوع-مصطلح موضوعى
9 (RLIN) 22063
مصطلح موضوعي أو اسم جغرافي كعنصر مدخل الجيولوجيا
650 ## - المدخل الاضافى بالموضوع-مصطلح موضوعى
9 (RLIN) 22058
مصطلح موضوعي أو اسم جغرافي كعنصر مدخل الصخور
942 ## - عناصر المدخل الإضافي( كوها)
مصدر التصنيف او مخطط الترفيف Dewey Decimal Classification
Koha [default] item type Book - Borrowing
جزء التصنيف RDA-MOD
Holdings
حالة التراجع حالة الفقد مصدر التصنيف او خطة الترفيف حالة تلف ليس للاعارة مجموعات كوها المكان الدائم المكان الحالي موقع الترفيف تاريخ الاكتساب Source of acquisition رقم الاستدعاء الباركود Date last seen مُعار نوع الوعاء
    Dewey Decimal Classification       Central Library Central Library First floor 19/01/2011 Donation 550 س ل ي 000022754 15/07/2025 21/03/2011 Book - Borrowing